000 00692nam a2200277Ia 4500
005 20260324113550.0
008 008 260324s9999 xx 000 0 eng d
020 _a9781003295075
037 _aEBOOK
040 _aCRL
040 _beng
040 _cCRL
041 _2eng
041 _aeng
084 _qCRL
100 _aVicente Rodríguez Ortega; Rubén Romero Santos
_91147280
245 0 _aSpanish Horror Film and Television in the 21st Century
260 _bTaylor and Francis
260 _c2023
365 _a
365 _b82.99
856 _uhttp://www.taylorfrancis.com/books/9781003295075
942 _cEBOOK
999 _c1737004
_d1737004